[Event "Novokuznetsk-ch"]
[Site "Novokuznetsk"]
[Date "2015.05.07"]
[Round "7"]
[White "Sergeev, Albert"]
[Black "Zavyalov, Mikhail"]
[Result "1-0"]
[WhiteElo "2299"]
[BlackElo "2162"]
[PlyCount "109"]
[EventDate "2015.05.01"]
[EventType "swiss"]
[EventRounds "9"]
[EventCountry "RUS"]
[SourceTitle "CBM 166 Extra"]
[Source "ChessBase"]
[SourceDate "2015.06.18"]
[SourceVersion "1"]
[SourceVersionDate "2015.06.18"]
[SourceQuality "1"]

1. e4 c5 2. Nf3 e6 3. d4 cxd4 4. Nxd4 Nc6 5. Nc3 Qc7 6. g3 a6 7. Bg2 d6 8. 0-0 Bd7 9. Nce2 Rc8 10. b3 Nf6 11. c4 Be7 12. Bb2 0-0 13. a4 Na5 14. Bc3 g6 15. Qd2 b6 16. Qb2 e5 17. Nc2 Bg4 18. Rfe1 Nb7 19. f3 Be6 20. Rad1 Nd7 21. Nb4 b5 22. axb5 axb5 23. Nd5 Bxd5 24. cxd5 b4 25. Bd2 Nbc5 26. Bh6 Rfe8 27. h4 Ra8 28. Nc1 Bf8 29. Be3 Ra3 30. h5 Nf6 31. hxg6 hxg6 32. Rd2 Rea8 33. Rc2 Qb6 34. Bf1 Nfd7 35. Rh2 Bg7 36. Rh1 Nf6 37. Bc4 Nh5 38. Rh3 Ra1 39. Kg2 R8a3 40. Qf2 Qc7 41. Rhh1 Ra8 42. Re2 Na4 43. Na2 Rxh1 44. Kxh1 Nc3 45. Nxc3 bxc3 46. Qe1 Qa5 47. Kg2 f5 48. exf5 gxf5 49. Qh1 Nxg3 50. Kxg3 f4+ 51. Bxf4 exf4+ 52. Kg4 Qa1 53. Re8+ Bf8 54. Re1 c2 55. Rxa1 1-0

[Event "Novokuznetsk-ch"]
[Site "Novokuznetsk"]
[Date "2015.05.05"]
[Round "5"]
[White "Zavyalov, Mikhail"]
[Black "Bogachev, Alexandr"]
[Result "1-0"]
[WhiteElo "2162"]
[BlackElo "2094"]
[PlyCount "89"]
[EventDate "2015.05.01"]
[EventType "swiss"]
[EventRounds "9"]
[EventCountry "RUS"]
[SourceTitle "CBM 166 Extra"]
[Source "ChessBase"]
[SourceDate "2015.06.18"]
[SourceVersion "1"]
[SourceVersionDate "2015.06.18"]
[SourceQuality "1"]

1. Nf3 d5 2. d4 Bf5 3. c4 e6 4. Nc3 c6 5. Qb3 Qc7 6. Bf4 Qb6 7. e3 Nd7 8. Be2 Ngf6 9. 0-0 Be7 10. Nd2 h6 11. Bg3 g5 12. f3 Bg6 13. Qxb6 axb6 14. Bf2 h5 15. e4 dxc4 16. Bxc4 b5 17. Bd3 h4 18. g4 e5 19. Nb3 b4 20. Ne2 Kf8 21. Rfd1 Kg7 22. Nd2 Rhd8 23. Nc4 exd4 24. Bxd4 Kh6 25. Nb6 Nxb6 26. Bxb6 Rd7 27. Bc4 Bd6 28. Kg2 Be5 29. Nd4 Bc7 30. Bxc7 Rxc7 31. Nf5+ Bxf5 32. gxf5 Nh5 33. Rd6+ Kg7 34. Rad1 Re8 35. Kh3 Nf6 36. Rg1 g4+ 37. Kxh4 Rh8+ 38. Kg5 Rh5+ 39. Kf4 Rxh2 40. e5 Ne8 41. Rd8 Kf8 42. f6 b5 43. Bd3 Rxb2 44. Rxg4 Rh2 45. Rg8+ 1-0

[Event "Novokuznetsk-ch"]
[Site "Novokuznetsk"]
[Date "2015.05.01"]
[Round "1"]
[White "Zavyalov, Mikhail"]
[Black "Nuzhdov, Vasiliy"]
[Result "1-0"]
[WhiteElo "2162"]
[BlackElo "1952"]
[PlyCount "69"]
[EventDate "2015.05.01"]
[EventType "swiss"]
[EventRounds "9"]
[EventCountry "RUS"]
[SourceTitle "CBM 166 Extra"]
[Source "ChessBase"]
[SourceDate "2015.06.18"]
[SourceVersion "1"]
[SourceVersionDate "2015.06.18"]
[SourceQuality "1"]

1. Nf3 Nc6 2. d4 d5 3. c4 e6 4. Bf4 Bd6 5. Bg3 Nf6 6. Nc3 a6 7. e3 0-0 8. Bd3 Bb4 9. 0-0 Bxc3 10. bxc3 Ne4 11. Qc2 f5 12. Rab1 Ne7 13. cxd5 exd5 14. c4 c6 15. Rfc1 h6 16. cxd5 Nxd5 17. Bxe4 fxe4 18. Nd2 Rf7 19. Rb2 Bf5 20. Nc4 b5 21. Nd6 Qf6 22. Qxc6 Rd8 23. Qxd5 Be6 24. Qe5 Rfd7 25. Qxf6 gxf6 26. Nxe4 Kf7 27. Bh4 Bc4 28. Nxf6 Ra7 29. Ng4 Rd5 30. Ne5+ Ke6 31. Nxc4 Rc7 32. Rbc2 bxc4 33. Rxc4 Rb7 34. Rc6+ Rd6 35. g4 1-0

[Event "Novokuznetsk-ch"]
[Site "Novokuznetsk"]
[Date "2014.11.30"]
[Round "5"]
[White "Guliashvili, Liana"]
[Black "Zavyalov, Mikhail"]
[Result "1/2-1/2"]
[WhiteElo "2025"]
[BlackElo "2139"]
[PlyCount "113"]
[EventDate "2014.11.16"]
[EventType "swiss"]
[EventRounds "9"]
[EventCountry "RUS"]
[SourceTitle "EXT 2016"]
[Source "ChessBase"]
[SourceDate "2015.10.08"]
[SourceVersion "1"]
[SourceVersionDate "2015.10.08"]
[SourceQuality "1"]

1. c4 Nf6 2. Nc3 e6 3. g3 d5 4. cxd5 exd5 5. d4 c6 6. Bg2 Bf5 7. Nf3 Nbd7 8. Qb3 Qb6 9. Qxb6 axb6 10. Bf4 Be7 11. 0-0 b5 12. Nd1 0-0 13. Ne3 Be4 14. Ne5 Bxg2 15. Kxg2 h6 16. Nf5 Rfe8 17. Nxd7 Nxd7 18. e3 Bf8 19. Bd6 g6 20. Bxf8 Kxf8 21. Nh4 Ra4 22. a3 Rea8 23. Rab1 Nf6 24. Nf3 Ne4 25. Rfd1 b4 26. axb4 Rxb4 27. Ne1 Ra2 28. Nd3 Rb3 29. Nc1 Rbxb2 30. Nxa2 Rxa2 31. Rxb7 Nxf2 32. Rxf7+ Kxf7 33. Rf1 Ke7 34. Rxf2 Ra3 35. Kf3 Rc3 36. Rb2 h5 37. h4 Rc1 38. Rb7+ Ke6 39. Rc7 Kd6 40. Rg7 Rf1+ 41. Ke2 Rf6 42. Kd3 Ke6 43. Ke2 Kd6 44. Kd3 Re6 45. Ke2 c5 46. dxc5+ Kxc5 47. Kd3 Kd6 48. Rf7 Ke5 49. Rf4 Ra6 50. Ke2 Ra1 51. Kf2 Rc1 52. Ke2 Rc4 53. Rf8 Rc6 54. Rf4 Rf6 55. Rd4 Rf5 56. Rb4 g5 57. g4 1/2-1/2

[Event "Novokuznetsk-ch"]
[Site "Novokuznetsk"]
[Date "2014.11.29"]
[Round "4"]
[White "Chernov, Mikhail"]
[Black "Zavyalov, Mikhail"]
[Result "1-0"]
[WhiteElo "2200"]
[BlackElo "2139"]
[PlyCount "65"]
[EventDate "2014.11.16"]
[EventType "swiss"]
[EventRounds "9"]
[EventCountry "RUS"]
[SourceTitle "EXT 2016"]
[Source "ChessBase"]
[SourceDate "2015.10.08"]
[SourceVersion "1"]
[SourceVersionDate "2015.10.08"]
[SourceQuality "1"]

1. e4 c5 2. Nf3 e6 3. c3 d5 4. e5 d4 5. Bd3 Nc6 6. 0-0 Nge7 7. Na3 Ng6 8. Re1 Be7 9. b3 0-0 10. Bb2 Nf4 11. Be4 f5 12. exf6 Bxf6 13. Qc2 g6 14. cxd4 cxd4 15. Bxc6 d3 16. Qb1 bxc6 17. Nc4 Qd5 18. Bxf6 Nh3+ 19. gxh3 Qxf3 20. Bh4 Qxh3 21. Re4 c5 22. Qf1 Qf3 23. Re3 Qg4+ 24. Qg2 Qxh4 25. Qxa8 Qxf2+ 26. Kh1 Qh4 27. Rf3 Rd8 28. Raf1 e5 29. Qxa7 Bf5 30. Rxf5 gxf5 31. Rg1+ Kf8 32. Qg7+ Ke8 33. Qxe5+ 1-0

[Event "Novokuznetsk-ch"]
[Site "Novokuznetsk"]
[Date "2014.05.05"]
[Round "5"]
[White "Chernov, Mikhail"]
[Black "Zavyalov, Mikhail"]
[Result "1-0"]
[WhiteElo "2215"]
[BlackElo "2131"]
[PlyCount "79"]
[EventDate "2014.05.01"]
[EventType "swiss"]
[EventRounds "9"]
[EventCountry "RUS"]
[SourceTitle "CBM 160 Extra"]
[Source "ChessBase"]
[SourceDate "2014.07.01"]
[SourceVersion "1"]
[SourceVersionDate "2014.07.01"]
[SourceQuality "1"]

1. e4 c5 2. Nf3 e6 3. d4 cxd4 4. Nxd4 Nc6 5. Nc3 a6 6. g3 d6 7. Bg2 Bd7 8. 0-0 Nf6 9. Nce2 Qc7 10. c4 Be7 11. b3 0-0 12. Bb2 Rac8 13. Qd2 Rfd8 14. a4 b6 15. Rac1 Qb8 16. Rfd1 h6 17. h3 h5 18. Qe3 Re8 19. Kh1 Ne5 20. f4 Ng6 21. f5 Ne5 22. fxe6 fxe6 23. Nf4 Bf8 24. Qe2 g6 25. Nf3 Kg7 26. Qf2 Be7 27. Ng5 Bd8 28. Bxe5 dxe5 29. Rxd7+ Nxd7 30. Nfxe6+ Kh6 31. Qf7 Re7 32. Qg8 Bc7 33. Nf7+ Rxf7 34. Qxf7 Rg8 35. Qxd7 Bd6 36. Rd1 Bb4 37. g4 hxg4 38. hxg4 Qe8 39. g5+ Kh5 40. Qh7+ 1-0

[Event "Novokuznetsk-ch"]
[Site "Novokuznetsk"]
[Date "2014.05.02"]
[Round "2"]
[White "Zavyalov, Mikhail"]
[Black "Marjina, Arina"]
[Result "1-0"]
[WhiteElo "2131"]
[BlackElo "2016"]
[PlyCount "81"]
[EventDate "2014.05.01"]
[EventType "swiss"]
[EventRounds "9"]
[EventCountry "RUS"]
[SourceTitle "CBM 160 Extra"]
[Source "ChessBase"]
[SourceDate "2014.07.01"]
[SourceVersion "1"]
[SourceVersionDate "2014.07.01"]
[SourceQuality "1"]

1. Nf3 Nf6 2. c4 g6 3. Nc3 Bg7 4. g3 0-0 5. Bg2 d6 6. 0-0 Nc6 7. Rb1 e5 8. d3 Nh5 9. b4 f5 10. b5 Ne7 11. Qb3 Kh8 12. Bg5 h6 13. Bxe7 Qxe7 14. Nd5 Qf7 15. Nd2 f4 16. a4 g5 17. Qb4 Nf6 18. Nxf6 Qxf6 19. c5 Rd8 20. Ne4 Qg6 21. cxd6 cxd6 22. Rbc1 Bg4 23. Nc3 Rd7 24. h3 Be6 25. Ne4 g4 26. h4 Qh5 27. Nd2 Rf8 28. Rfe1 Bf6 29. Rc2 fxg3 30. fxg3 Bxh4 31. gxh4 Qxh4 32. Rf1 Rxf1+ 33. Nxf1 Rf7 34. e3 d5 35. Qd6 Qf6 36. Ng3 Kh7 37. Bxd5 Bxd5 38. Qxd5 h5 39. Qg2 Qh6 40. Qe4+ Kg8 41. Rc8+ 1-0

[Event "Novokuznetsk Spring op"]
[Site "Novokuznetsk"]
[Date "2014.04.19"]
[Round "6"]
[White "Zavyalov, Mikhail"]
[Black "Buts, Nikita"]
[Result "1-0"]
[WhiteElo "2131"]
[BlackElo "1944"]
[PlyCount "85"]
[EventDate "2014.03.29"]
[EventType "swiss"]
[EventRounds "9"]
[EventCountry "RUS"]
[SourceTitle "EXT 2015"]
[Source "ChessBase"]
[SourceDate "2014.11.20"]
[SourceVersion "1"]
[SourceVersionDate "2014.11.20"]
[SourceQuality "1"]

1. Nf3 Nf6 2. c4 b6 3. g3 c5 4. Bg2 Bb7 5. Nc3 g6 6. 0-0 Bg7 7. d4 cxd4 8. Qxd4 0-0 9. Qf4 d6 10. Be3 Nc6 11. Rfd1 Rc8 12. Rac1 Na5 13. b3 a6 14. Na4 Nd7 15. Bh3 f5 16. Ng5 e5 17. Qh4 h6 18. Ne6 Qxh4 19. gxh4 Rf6 20. Nxg7 Kxg7 21. Nxb6 Nxb6 22. Bxb6 Nc6 23. Bg2 e4 24. Rd2 Kf7 25. Rcd1 Ne5 26. Rxd6 Rxd6 27. Rxd6 Rc6 28. Rxc6 Bxc6 29. Bd4 Ke6 30. Kf1 g5 31. hxg5 hxg5 32. Ke1 g4 33. h3 e3 34. Bd5+ Bxd5 35. cxd5+ Kxd5 36. Bxe5 Kxe5 37. hxg4 fxg4 38. fxe3 g3 39. b4 Ke4 40. Kf1 Kxe3 41. Kg2 Kf4 42. a3 Kg4 43. e3 1-0

[Event "Novokuznetsk-ch"]
[Site "Novokuznetsk"]
[Date "2013.12.01"]
[Round "5"]
[White "Zavyalov, Mikhail"]
[Black "Lyashenko, Anna"]
[Result "1-0"]
[WhiteElo "2165"]
[BlackElo "2044"]
[PlyCount "125"]
[EventDate "2013.11.17"]
[EventType "swiss"]
[EventRounds "9"]
[EventCountry "RUS"]
[SourceTitle "EXT 2015"]
[Source "ChessBase"]
[SourceDate "2014.11.20"]
[SourceVersion "1"]
[SourceVersionDate "2014.11.20"]
[SourceQuality "1"]

1. Nf3 Nf6 2. c4 g6 3. Nc3 Bg7 4. g3 d6 5. Bg2 0-0 6. 0-0 Nbd7 7. d4 e5 8. e4 a5 9. dxe5 dxe5 10. Qc2 c6 11. Bh3 Qc7 12. Be3 Re8 13. Na4 b6 14. Rac1 c5 15. Nc3 Nf8 16. Bxc8 Qxc8 17. Bg5 Rb8 18. Bxf6 Bxf6 19. Nd5 Bg7 20. Kg2 Ne6 21. b3 Nc7 22. Rcd1 Ne6 23. Rc1 Nc7 24. Nxc7 Qxc7 25. Rcd1 Rbd8 26. Rxd8 Rxd8 27. Rd1 Rd6 28. Rxd6 Qxd6 29. Qd2 Qxd2 30. Nxd2 Kf8 31. Nb1 Bf6 32. Nc3 Bd8 33. Nd5 Ke8 34. f4 f6 35. Kf3 Kd7 36. f5 g5 37. Kg4 Ke8 38. Kh5 Kf7 39. Kh6 Kg8 40. Ne3 Be7 41. Ng4 Bf8+ 42. Kh5 Be7 43. h4 gxh4 44. Kxh4 Bd8 45. Kh5 Kg7 46. Ne3 Be7 47. Nd5 Bd8 48. a3 Kg8 49. Kh6 Kh8 50. g4 Kg8 51. a4 Kh8 52. Ne3 Be7 53. g5 fxg5 54. Ng4 Bd6 55. f6 Kg8 56. Kxg5 Kf7 57. Kf5 h5 58. Nh6+ Ke8 59. Kg5 h4 60. Kxh4 Kd7 61. Kg5 Ke6 62. Kg6 Bf8 63. Nf5 1-0